000 00567nam a22001817a 4500
999 _c169450
_d169450
005 20191120160238.0
010 _aENG-126943
020 _c299.00
_a9789388326827
035 _aEN-110475
037 _bDBAD/PUB
082 _a920
100 _aKuttappan, Rejimon
245 _aRowing between the rooftops :
_cby Greg C. Bruno
_bthe heroic fishermen of the Kerala floods /
260 _bSpeaking Tiger
_c2019
_aNew Delhi
270 _a4381/4 Ansari Road, Daryaganj
_e110002
_bNew Delhi
300 _a158p.
_c19cm(pbk)
942 _2ddc
_cEN
_h920
_mKUT